Statistics for 川崎市バスの行先

Click here to take the quiz!

General Stats

  • This quiz has been taken 41 times
  • The average score is 18 of 57

Answer Stats

自治体名行先% Correct
川崎区川崎駅
92%
多摩区登戸駅
65%
川崎区塩浜
62%
中原区上平間
62%
中原区小杉駅前
59%
中原区新城駅前
57%
宮前区鷺沼駅
54%
宮前区宮前平駅
51%
川崎区川崎駅ラゾーナ広場
49%
川崎区川崎駅西口
49%
中原区井田病院
49%
中原区中原駅前
49%
高津区溝口駅南口
46%
中原区井田営業所前
46%
高津区蟹ヶ谷
43%
横浜市たまプラーザ駅
43%
高津区溝口駅前
38%
麻生区柿生駅前
38%
中原区横須賀線小杉駅
38%
宮前区鷲ヶ峰営業所前
38%
多摩区生田駅
38%
川崎区JFE前
38%
川崎区水江町
35%
中原区小杉駅東口
32%
麻生区新百合丘駅前
32%
川崎区扇町
32%
宮前区菅生車庫
30%
川崎区塩浜営業所前
30%
多摩区向丘遊園駅南口
30%
川崎区川崎病院
30%
川崎区東扇島西公園前
24%
川崎区市営埠頭
24%
高津区梶ヶ谷駅
24%
多摩区西菅団地
24%
多摩区藤子・F・不二雄ミュージアム
24%
横浜市高田町
22%
宮前区聖マリアンナ医科大学前
22%
幸区江川町
19%
中原区市民ミュージアム
19%
多摩区生田緑地
19%
高津区第三京浜入口
16%
宮前区有馬第二団地前
16%
多摩区カリタス学園
16%
川崎区京セラ前
16%
川崎区カワサキアイランドスイート
14%
川崎区市立川崎高校前
14%
多摩区城下
14%
多摩区中野島多摩川住宅
14%
川崎区ゼロ・エミ工業団地
14%
高津区市民プラザ
14%
多摩区新船島橋
11%
川崎区浜町二丁目
8%
多摩区登戸駅(生田緑地口)
8%
川崎区かわさきファズ物流センター前
8%
中原区中央療育センター前
5%
多摩区菅四丁目
5%
多摩区登戸駅入口
3%

Score Distribution

Percentile by Number Answered

Percent of People with Each Score

Your Score History

You have not taken this quiz